01617nam a2200349 c 450000100060000000300100000600500170001600700030003300800410003602000180007704000350009504100080013008200200013810000370015824501360019525000220033126400490035330000580040233600270046033700330048733800280052050000340054850502850058252100410086754500660090865000580097465000400103270000350107294200120110799900170111995201310113659878CO-BoRNBP20251107220506.0ta180109s2017 sp ao er 000 0dspa d a9788498745634 aCO-BoRNBPbspaerdacCO-BoRNBP aspa04a686.3bG64g2221 aGolden, Alisad1962-eaut96702413aEl gran libro de la encuadernación :bmás de 100 encuadernaciones artesanales /cAlisa Golden ; traducción Ana María Aznar. aPrimera edición 1aMadrid, España :bEditorial El Drac,c2017 a256 páginas :bilustraciones, fotografías a color atextobtxt2rdacontent asin mediaciónbn2rdamedia avolumenbnc2rdacarrier aIncluye índice alfabético0 a1. Materiales y métodos 2. Libros doblados 3. Simplemente pegado 4. Simplemente cosido 5. Rollos y acordeones 6. Libros con movimiento 7. Códices 8. Variaciones de códices 9. Sobres y carpetas 10. Técnicas de cubiertas 11. Cajas y estuches 12. Ideas y conceptos aRecomendado para un público adulto aIncluye datos biográficos de los autores al final del texto07aEncuadernaciónxEstrategia y técnica2LEMB96702507aTécnicas de cubierta2lemb967026 aAznar, Ana Maríaetrl959989 2ddccBK c59878d59878 00102ddc40708GENaMEMAPJGAbMEMAPJGAcGENd2025-11-07l0o686.3 G64gpMPJG00891r2025-11-07 22:06:58tEj.1w2025-11-07yBK